Pearson IIT Foundation: (Record no. 200749)

MARC details
000 -LEADER
fixed length control field 00648nam a22001937a 4500
005 - DATE AND TIME OF LATEST TRANSACTION
control field 20240214172639.0
010 ## - LCCN (DPL NO)
LC control number ENG-139245
020 ## - INTERNATIONAL STANDARD BOOK NUMBER
Terms of availability 740.00
International Standard Book Number 9788119847839
035 ## - SYSTEM CONTROL NUMBER
System control number EN-122777
037 ## - SOURCE OF ACQUISITION
Source of stock number/acquisition DBAD/PUB
082 ## - DEWEY DECIMAL CLASSIFICATION NUMBER
Classification number 510
Edition number 12
245 ## - TITLE STATEMENT
Title Pearson IIT Foundation:
Remainder of title Mahtematics/
250 ## - EDITION STATEMENT
Edition statement 12
260 ## - PUBLICATION, DISTRIBUTION, ETC. (IMPRINT)
Place of publication, distribution, etc Uttar Pradesh
Name of publisher, distributor, etc Pearson India Education Pvt Ltd
Date of publication, distribution, etc 2024
270 ## - ADDRESS
City Uttar Pradesh
Address 15th FLoor, Tower-B, World Trade Tower, Plot No.1, Block- C, Sector-16, Noida
Postal code 201301
300 ## - PHYSICAL DESCRIPTION
Extent vpp.
Dimensions 28cm(pb)
Other physical details Index
500 ## - GENERAL NOTE
General note As Per CBSE, ICSE and State Curriculam Guidelines
942 ## - ADDED ENTRY ELEMENTS (KOHA)
Source of classification or shelving scheme Dewey Decimal Classification
Item type English Books
Classification part 510
Call number suffix IIT
Edition 12
Holdings
Withdrawn status Lost status Not for loan Collection code Home library Current library Date acquired Source of acquisition Cost, normal purchase price Full call number Barcode Copy number Cost, replacement price Koha item type
      Non-fiction Peshwa Road Peshwa Road 14/02/2024 DBAD/PUB 740.00 510 IIT EN-122777 1 740.00 English Books

© Delhi Public Library
Hit Counter
free hit counter